| 000 | 004990000a22001930004500 | ||
|---|---|---|---|
| 003 | LK-CoMWRAF | ||
| 005 | 20230915210342.0 | ||
| 008 | 230817t1979 ||||| |||| 00| 0 eng d | ||
| 020 | _a0704332035 | ||
| 040 |
_aLK-CoMWRAF _dLK-CoMWRAF _eLK-CoMWRAF |
||
| 041 | _aeng | ||
| 082 |
_a297 _bAZZ |
||
| 100 | _aAzzam, Abd-al-Rahman | ||
| 245 | _aThe Eternal message of Muhammad | ||
| 260 |
_aLondon : _bQuartet books limited, _c1979 |
||
| 300 | _a297p | ||
| 650 | _aIslam -- Universality | ||
| 942 | _cBK | ||
| 999 |
_c1705 _d1705 |
||